[Event "AUTO-OPEN-3326"]
[Site "http://www.queenalice.com/game.php?id=1307756"]
[Date "2014.9.12"]
[Round "1"]
[White "JoseASeguro"]
[Black "vincenzo"]
[Result "1-0"]
[WhiteElo "1912"]
[BlackElo "1645"]

1. d4 d5 2. Nf3 e6 3. g3 Nc6 4. Bg2 Nf6 5. O-O Bc5 6. dxc5 O-O 7. Bf4 e5 8. Nxe5
Qd6 9. cxd6 cxd6 10. Nxc6 bxc6 11. Bxd6 Rd8 12. Be7 Re8 13. Bxf6 gxf6 14. Nc3
Ba6 15. Qd4 Bxe2 16. Nxe2 Rxe2 17. c4 Rae8 18. cxd5 R2e4 19. Bxe4 1-0

[Event "AUTO-ADV-3238"]
[Site "http://www.queenalice.com/game.php?id=1307840"]
[Date "2014.9.12"]
[Round "1"]
[White "JoseASeguro"]
[Black "ebpap123"]
[Result "1-0"]
[WhiteElo "1898"]
[BlackElo "1857"]

1. d4 Nf6 2. Nf3 e6 3. Bf4 Be7 4. Nbd2 Nc6 5. e4 d6 6. c4 Nb8 7. Bd3 c5 8. d5
exd5 9. cxd5 Nbd7 10. Nc4 b5 11. Nxd6+ Bxd6 12. Bxd6 Qb6 13. Bf4 c4 14. Be3 Qc7
15. Bc2 O-O 16. O-O Re8 17. Qd4 h6 18. d6 Qc6 19. e5 Nd5 20. Be4 Bb7 21. Rad1 a6
22. Bxd5 1-0

[Event "AUTO-ADV-3238"]
[Site "http://www.queenalice.com/game.php?id=1307841"]
[Date "2014.9.12"]
[Round "1"]
[White "ebpap123"]
[Black "JoseASeguro"]
[Result "0-1"]
[WhiteElo "1843"]
[BlackElo "1917"]

1. e4 c6 2. d4 d5 3. Nc3 dxe4 4. Nxe4 Bf5 5. Ng3 Bg6 6. h4 h6 7. Nf3 Nd7 8. h5
Bh7 9. Bd3 Bxd3 10. Qxd3 e6 11. Ne4 Ngf6 12. g3 Ng4 13. Bf4 Be7 14. Nh2 e5 15.
Nxg4 exf4 16. gxf4 f5 17. Nc5 Nxc5 18. dxc5 Qxd3 19. cxd3 fxg4 20. Rg1 Bxc5 21.
Rxg4 Bd4 22. Rb1 Rf8 23. Rxg7 Bxg7 24. b3 O-O-O 25. Ke2 Rxf4 26. Rg1 Bd4 27. Rg6
Rxf2+ 0-1

[Event "AUTO-ADV-3238"]
[Site "http://www.queenalice.com/game.php?id=1307842"]
[Date "2014.9.12"]
[Round "1"]
[White "JoseASeguro"]
[Black "vincenzo"]
[Result "1-0"]
[WhiteElo "1935"]
[BlackElo "1643"]

1. d4 d5 2. Nf3 e6 3. c4 Nc6 4. Nc3 Bb4 5. a3 Ba5 6. b4 Bb6 7. c5 Bxc5 8. bxc5
Nf6 9. Bg5 h6 10. Bh4 g5 11. Bg3 Na5 12. Nb5 O-O 13. Bxc7 Qd7 14. e3 a6 15. Ne5
Qe7 16. Bd6 Qe8 17. Nc7 Qd8 18. Nxa8 Ne4 19. Bc7 Qf6 20. f3 Nc3 21. Qc2 Nb5 22.
Bxa5 1-0

[Event "AUTO-ADV-3238"]
[Site "http://www.queenalice.com/game.php?id=1307843"]
[Date "2014.9.12"]
[Round "1"]
[White "vincenzo"]
[Black "JoseASeguro"]
[Result "0-1"]
[WhiteElo "1648"]
[BlackElo "1930"]

1. d4 d5 2. e3 Nf6 3. Nf3 Bg4 4. h3 Bh5 5. Bd3 e6 6. O-O c5 7. Qd2 c4 8. Be2 Ne4
9. Qd1 Bb4 10. c3 Bd6 11. Nbd2 Nf6 12. g4 Bxg4 13. hxg4 Nxg4 14. b3 b5 15. bxc4
dxc4 16. Ne4 Bc7 17. Ba3 f5 18. Ned2 Qf6 19. Nxc4 bxc4 20. Qa4+ Nd7 21. Bxc4 Qg6
22. Bb5 Nxe3+ 23. Kh1 Qg2# 0-1

[Event "AUTO-ADV-3238"]
[Site "http://www.queenalice.com/game.php?id=1307844"]
[Date "2014.9.12"]
[Round "1"]
[White "JoseASeguro"]
[Black "MariusLola"]
[Result "1-0"]
[WhiteElo "1926"]
[BlackElo "1887"]

1. d4 d5 2. Nf3 Nf6 3. Bg5 g6 4. Nbd2 Bg7 5. Bxf6 Bxf6 6. e3 O-O 7. Bd3 Nc6 8.
O-O Bg4 9. c3 e5 10. dxe5 Nxe5 11. Bc2 b5 12. a4 c6 13. h3 Bxf3 14. Nxf3 Nxf3+
15. Qxf3 Be7 16. axb5 cxb5 17. Rfd1 Qb6 18. Rxd5 a5 19. Bd3 b4 20. c4 Rfd8 21.
b3 Rxd5 22. cxd5 Bf6 23. Rc1 Qb7 24. Qxf6 Qxd5 25. Bc4 Qd7 26. e4 a4 27. bxa4
Rxa4 28. Bxf7+ Qxf7 29. Rc8+ 1-0

[Event "AUTO-ADV-3238"]
[Site "http://www.queenalice.com/game.php?id=1307845"]
[Date "2014.9.12"]
[Round "1"]
[White "MariusLola"]
[Black "JoseASeguro"]
[Result "0-1"]
[WhiteElo "1866"]
[BlackElo "1929"]

1. d4 d5 2. c4 c5 3. e3 e6 4. Nf3 Nf6 5. Bd3 Nc6 6. O-O dxc4 7. Bxc4 cxd4 8.
exd4 Bd6 9. Bg5 Qc7 10. g3 Ne4 11. Be3 Nb4 12. b3 b6 13. Nbd2 Nc3 14. Qc1 Nbd5
15. Bb5+ Nxb5 16. a4 Nbc3 17. Kg2 Bb7 18. Nc4 Bb4 19. Re1 Ne4 20. Ncd2 Qxc1 21.
Raxc1 Nxe3+ 22. fxe3 Nxd2 0-1

[Event "AUTO-ADV-3250"]
[Site "http://www.queenalice.com/game.php?id=1311281"]
[Date "2014.9.29"]
[Round "1"]
[White "JoseASeguro"]
[Black "Artking"]
[Result "1-0"]
[WhiteElo "1954"]
[BlackElo "2053"]

1. d4 Nf6 2. Nf3 g6 3. Bf4 Bg7 4. e3 d6 5. Bd3 Nc6 6. c3 O-O 7. O-O Nh5 8. Bg5
h6 9. Bh4 Bg4 10. h3 Bd7 11. Nbd2 Qe8 12. a4 e5 13. Qc2 f5 14. Bc4+ Kh8 15. a5
e4 16. Ne1 g5 17. Bg3 f4 18. exf4 Nxg3 19. fxg3 gxf4 20. Nxe4 Bf5 21. Rxf4 d5
22. Bxd5 Nxd4 23. cxd4 Bxd4+ 24. Kh2 Qg6 25. Nf3 Bf6 26. Nh4 Qh7 27. Rxf5 1-0

[Event "AUTO-ADV-3250"]
[Site "http://www.queenalice.com/game.php?id=1311282"]
[Date "2014.9.29"]
[Round "1"]
[White "Artking"]
[Black "JoseASeguro"]
[Result "1-0"]
[WhiteElo "2078"]
[BlackElo "1939"]

1. e4 e5 2. Nf3 Nf6 3. Nxe5 d6 4. Nxf7 Kxf7 5. Bc4+ Be6 6. Bxe6+ Kxe6 7. Nc3 Nc6
8. O-O Kf7 9. f4 Qd7 10. d4 Be7 11. e5 Ng4 12. f5 h5 13. e6+ 1-0

[Event "AUTO-ADV-3250"]
[Site "http://www.queenalice.com/game.php?id=1311283"]
[Date "2014.9.29"]
[Round "1"]
[White "JoseASeguro"]
[Black "Antonino"]
[Result "0-1"]
[WhiteElo "1928"]
[BlackElo "2037"]

1. d4 d5 2. Nc3 Nf6 3. Nf3 Nc6 4. g3 Bf5 5. Bg2 Nb4 6. Nh4 Nxc2+ 7. Kf1 Nxa1 8.
Nxf5 e6 9. Ne3 Qd7 10. Bd2 Ne4 11. Nxe4 dxe4 12. Bc3 f5 13. Qxa1 O-O-O 14. f4
Rg8 15. Nc4 Bd6 16. e3 g5 17. Qd1 Qb5 18. Qe2 Kb8 19. Nxd6 Qxe2+ 20. Kxe2 cxd6
21. Bb4 gxf4 22. exf4 d5 23. Ke3 Rc8 24. Bc3 Rc7 25. Rc1 Rgc8 26. Kd2 b5 27. b4
h5 28. Bf1 a6 29. a4 bxa4 30. Bxa6 Rg8 31. b5 h4 32. b6 Rh7 33. Bb4 hxg3 34.
Bd6+ Ka8 35. b7+ Rxb7 36. Bxb7+ Kxb7 37. hxg3 Rxg3 38. Rc3 Rg2+ 39. Ke3 Rg3+ 40.
Kd2 Rg2+ 41. Kc1 Rf2 42. Ra3 Kc6 43. Be5 Kb5 44. Bd6 Rf3 45. Kd2 Rxa3 46. Bxa3
Kc4 47. Bc5 Kb3 48. Kc1 Kc3 0-1

[Event "AUTO-ADV-3250"]
[Site "http://www.queenalice.com/game.php?id=1311284"]
[Date "2014.9.29"]
[Round "1"]
[White "Antonino"]
[Black "JoseASeguro"]
[Result "1-0"]
[WhiteElo "2023"]
[BlackElo "1972"]

1. e4 c6 2. f4 d5 3. e5 Bf5 4. d4 e6 5. Nf3 Nd7 6. Bd3 Bxd3 7. cxd3 Bb4+ 8. Bd2
Qa5 9. O-O Bxd2 10. Nbxd2 Nh6 11. Nb3 Qb5 12. h3 Nf5 13. Rc1 Ne3 14. Qd2 Nxf1
15. Kxf1 f6 16. Kg1 fxe5 17. fxe5 h6 18. Nc5 Nf8 19. Rc3 Qa5 20. Nxb7 Qxa2 21.
Ra3 Qb1+ 22. Kf2 Rb8 23. Rxa7 Nd7 24. Nd6+ Kf8 25. Qf4+ Nf6 26. exf6 Rxb2+ 27.
Kg3 g5 28. Rf7+ Kg8 29. Qe3 Qf1 30. Nd2 Qf4+ 31. Qxf4 gxf4+ 32. Kxf4 Rxd2 33.
Rg7+ Kf8 34. Ke3 Rd1 35. Rc7 Kg8 36. Rg7+ Kf8 37. Ke2 Ra1 38. h4 Rg8 39. Rf7#
1-0

[Event "AUTO-ADV-3250"]
[Site "http://www.queenalice.com/game.php?id=1311285"]
[Date "2014.9.29"]
[Round "1"]
[White "JoseASeguro"]
[Black "DiegoTinoco"]
[Result "1-0"]
[WhiteElo "1960"]
[BlackElo "1812"]

1. e4 e5 2. Nc3 Nc6 3. f4 d6 4. Nf3 Nf6 5. Bc4 h6 6. f5 g6 7. fxg6 fxg6 8. d4
Bg4 9. d5 Ne7 10. h3 Bd7 11. Qe2 a6 12. a4 c6 13. Be3 b5 14. axb5 axb5 15. Ba2
Ra5 16. O-O cxd5 17. Bxd5 Rxa1 18. Rxa1 Nexd5 19. Nxd5 Nxd5 20. exd5 Be7 21. g4
g5 22. Nd2 O-O 23. Ne4 Qc7 24. Ra7 Qd8 25. b4 Qc8 26. Ng3 Rf7 27. Qd3 Be8 28.
Qg6+ Rg7 29. Qxh6 Qxc2 30. Nf5 Qd1+ 31. Kf2 Qc2+ 32. Kg3 Qxf5 33. gxf5 g4 34.
Qe6+ Bf7 35. Qxe7 gxh3+ 36. Kh2 Kh7 37. Qh4+ Kg8 38. Ra8+ Be8 39. Rxe8+ Kf7 40.
Qe7# 1-0

[Event "AUTO-ADV-3250"]
[Site "http://www.queenalice.com/game.php?id=1311286"]
[Date "2014.9.29"]
[Round "1"]
[White "DiegoTinoco"]
[Black "JoseASeguro"]
[Result "0-1"]
[WhiteElo "1809"]
[BlackElo "1926"]

1. e4 c6 2. Nc3 d5 3. e5 d4 4. Ne4 Bf5 5. Bd3 e6 6. Nf3 Bxe4 7. Bxe4 Nd7 8. c3
Nc5 9. Bc2 d3 10. Bb3 Nh6 11. Bc4 Nf5 12. g4 Ne7 13. b4 Ne4 14. O-O Ng6 15. Qe1
Ng5 16. Nxg5 Qxg5 17. h3 Nxe5 18. f4 Qh6 19. Qxe5 Qxh3 20. Bxd3 Qxd3 21. f5 Bd6
22. Qe3 Qxe3+ 23. dxe3 exf5 24. gxf5 O-O-O 25. e4 Be5 26. Bb2 Rd2 27. Rab1 g6
28. a4 Bh2+ 29. Kh1 Rhd8 30. fxg6 hxg6 31. Bc1 Re2 32. Rb2 Rxb2 33. Bxb2 Be5 34.
Ba1 Rd3 35. Kg2 Bxc3 36. Bxc3 Rxc3 37. Rxf7 Rc4 38. e5 Rxb4 39. e6 Re4 40. e7
Kd7 41. e8=Q+ Kxe8 42. Rxb7 Rxa4 43. Rg7 c5 44. Rxg6 c4 45. Rc6 Kd7 46. Rc5 Kd6
47. Rc8 Kd5 48. Kf2 Kd4 49. Ke2 c3 50. Rd8+ Kc4 51. Rc8+ Kb3 52. Rb8+ Rb4 53.
Ra8 c2 54. Kd2 Kb2 55. Rc8 Rd4+ 56. Ke3 Rd1 57. Rb8+ Ka3 0-1

[Event "AUTO-ADV-3164"]
[Site "http://www.queenalice.com/game.php?id=1314390"]
[Date "2014.10.11"]
[Round "2"]
[White "junipero"]
[Black "JoseASeguro"]
[Result "1-0"]
[WhiteElo "2101"]
[BlackElo "1951"]

1. d4 d5 2. c4 c6 3. Nc3 Nf6 4. e3 e6 5. a3 Nbd7 6. c5 b6 7. b4 bxc5 8. dxc5 a6
9. Bb2 g6 10. Nf3 Bg7 11. Nd4 Bb7 12. Be2 O-O 13. O-O e5 14. Nf3 a5 15. h3 Re8
16. Qc2 Qe7 17. Rad1 axb4 18. axb4 Ba6 19. Ra1 Bxe2 20. Nxe2 Ne4 21. Rxa8 Rxa8
22. Ra1 Rxa1+ 23. Bxa1 Qe6 24. Qa4 h6 25. Qa8+ Kh7 26. Nc3 Nxc3 27. Bxc3 e4 28.
Nd4 Qf6 29. Nb5 Qe6 30. Bxg7 Kxg7 31. Nd4 Qf6 32. Qxc6 Qxc6 33. Nxc6 Kf8 34. f3
Ke8 35. fxe4 dxe4 36. Kf2 Nf8 37. Ne5 Ne6 38. g4 Kd8 39. Nxf7+ 1-0

[Event "AUTO-ADV-3164"]
[Site "http://www.queenalice.com/game.php?id=1314391"]
[Date "2014.10.11"]
[Round "2"]
[White "JoseASeguro"]
[Black "junipero"]
[Result "0-1"]
[WhiteElo "1937"]
[BlackElo "2119"]

1. e4 c5 2. c4 Nc6 3. g3 d6 4. Nf3 e5 5. Bg2 Bg4 6. Qa4 Nf6 7. d3 h6 8. O-O Be7
9. a3 O-O 10. Nc3 a6 11. Bd2 Bxf3 12. Bxf3 Nd4 13. Bg2 Qd7 14. Qd1 b5 15. Ne2
Nxe2+ 16. Qxe2 Rab8 17. b4 bxc4 18. dxc4 Rfd8 19. f4 cxb4 20. axb4 Qb7 21. fxe5
dxe5 22. c5 Qb5 23. Qxb5 axb5 24. Rfd1 Rd4 25. Bc3 Rxd1+ 26. Rxd1 Ng4 27. Ra1 f6
28. Bd2 h5 29. h3 Nh6 30. Bf1 g5 31. Ra5 f5 32. Bxb5 Bd8 33. Bc4+ Kg7 34. Ra7+
Kg6 35. exf5+ Kxf5 36. b5 Ke4 37. Bc3 Nf5 38. Kf2 Nd6 39. cxd6 Bb6+ 40. Ke2 Bxa7
41. d7 Bb6 42. Bf7 h4 43. Bg6+ Kd5 44. Bf7+ Kd6 45. Be8 hxg3 46. Kf3 Bd8 0-1

[Event "AUTO-ADV-3164"]
[Site "http://www.queenalice.com/game.php?id=1314394"]
[Date "2014.10.11"]
[Round "2"]
[White "Raiman"]
[Black "JoseASeguro"]
[Result "1-0"]
[WhiteElo "2216"]
[BlackElo "1958"]

1. e4 e5 2. Nf3 Nc6 3. Bc4 Bc5 4. b4 Bb6 5. O-O d6 6. a3 Nf6 7. h3 Nxe4 8. d3
Nf6 9. Bg5 O-O 10. Nc3 h6 11. Bh4 Be6 12. Ne4 1-0

[Event "AUTO-ADV-3164"]
[Site "http://www.queenalice.com/game.php?id=1314395"]
[Date "2014.10.11"]
[Round "2"]
[White "JoseASeguro"]
[Black "Raiman"]
[Result "0-1"]
[WhiteElo "1952"]
[BlackElo "2220"]

1. e4 d6 2. d4 g6 3. c4 Bg7 4. Nc3 Nc6 5. Be3 e5 6. d5 Nce7 7. c5 f5 8. f3 Nf6
9. Bd3 O-O 10. Nge2 fxe4 11. Nxe4 Kh8 0-1

[Event "AUTO-ADV-3164"]
[Site "http://www.queenalice.com/game.php?id=1314398"]
[Date "2014.10.11"]
[Round "2"]
[White "JoseASeguro"]
[Black "fisionboy"]
[Result "1/2-1/2"]
[WhiteElo "1970"]
[BlackElo "2028"]

1. d4 d5 2. Nc3 c6 3. Bf4 Bf5 4. e3 e6 5. a3 Nf6 6. Nf3 Bd6 7. Bxd6 Qxd6 8. Ne5
Nbd7 9. f4 Ne4 10. Nxe4 Bxe4 11. c4 O-O 12. c5 Qc7 13. b4 f6 14. Nd3 Rfe8 15.
Nf2 f5 16. Nxe4 fxe4 17. Be2 Nf6 18. Kd2 Qf7 19. g4 a5 20. g5 Nd7 21. Bg4 b6 22.
Qa4 b5 23. Qd1 a4 24. Qe1 Nf8 25. h4 Ng6 26. Qg3 Rf8 27. Raf1 Ne7 28. Qh3
1/2-1/2

[Event "AUTO-ADV-3164"]
[Site "http://www.queenalice.com/game.php?id=1314399"]
[Date "2014.10.11"]
[Round "2"]
[White "fisionboy"]
[Black "JoseASeguro"]
[Result "1-0"]
[WhiteElo "2014"]
[BlackElo "1974"]

1. d4 d5 2. c4 c6 3. g3 e6 4. Nf3 Nd7 5. Nc3 Bd6 6. Bg2 Ngf6 7. O-O O-O 8. Qb3
dxc4 9. Qxc4 Qc7 10. e4 e5 11. d5 Nb6 12. Qb3 cxd5 13. exd5 Bd7 14. Bg5 Ne8 15.
Rac1 Qc4 16. Qd1 f6 17. Be3 Qc7 18. Ne4 Qd8 19. Qd3 Bf5 20. Nfd2 Nc7 21. Qb3 Na6
22. Rfd1 Nb4 23. Nxd6 Qxd6 24. Bc5 1-0